000
00276nam a2200121Ia 4500
008
240624s9999 xx 000 0 und d
041
_a
eng
082
_a
330 THA
100
_a
THALER RICHARD H
245
_a
MISBEHAVING
260
_c
2015
_a
New Delhi
_b
Allen Lane
365
_c
RS
999
_c
29358
_d
29358